000 00320nam a22001337a 4500
008 181010b xxu||||| |||| 00| 0 eng d
020 _a089859376-X
041 _aeng
080 _a159.9
100 _a48
101 _aPSI
245 _aDevelopmental Pyschology: An Advanced Textbook
_cBornstein,M.H
942 _2udc
_cBK
999 _c49267
_d49267